Zostáva ešte veľa nedoriešených otázok
Výsledky prieskumu uskutočneného v prvej polovici roku 2006 zameraného na súčasné problémy decentralizovaného regionálneho školstva. Presun kompetencií z orgánov štátnej správy na obce a vyššie územné celky nemusí automaticky viesť k zvýšeniu kvality a efektívnosti školstva. Finančné problémy. Vzdel...
Saved in:
| Main Author: | |
|---|---|
| Other Authors: | |
| Format: | Book Chapter |
| Language: | Slovak |
| Subjects: | |
| Tags: |
No Tags, Be the first to tag this record!
|
MARC
| LEADER | 00000naa$a2200000$$$4500 | ||
|---|---|---|---|
| 001 | 0054455 | ||
| 005 | 20231016085350.8 | ||
| 041 | 0 | |a slo | |
| 044 | |a SK | ||
| 245 | 1 | 0 | |a Zostáva ešte veľa nedoriešených otázok |c Dušan Kozovský, Silvia Prčová |
| 520 | |a Výsledky prieskumu uskutočneného v prvej polovici roku 2006 zameraného na súčasné problémy decentralizovaného regionálneho školstva. Presun kompetencií z orgánov štátnej správy na obce a vyššie územné celky nemusí automaticky viesť k zvýšeniu kvality a efektívnosti školstva. Finančné problémy. Vzdelávacie poukazy. Problémové okruhy, ktoré treba riešiť po prechode kompetencií na obce a mestá v oblasti školstva. | ||
| 610 | 2 | 0 | |a školstvo |
| 610 | 2 | 0 | |a školy |
| 610 | 2 | 0 | |a kompetencie |
| 610 | 2 | 0 | |a financie |
| 610 | 2 | 0 | |a financovanie |
| 610 | 2 | 0 | |a obce |
| 610 | 2 | 0 | |a mestá |
| 610 | 2 | 0 | |a vyššie územné celky |
| 610 | 2 | 0 | |a výskum |
| 610 | 2 | 0 | |a Slovensko |
| 610 | 2 | 0 | |a 2006 |
| 100 | 1 | |a Kozovský, Dušan | |
| 700 | 1 | |a Prčová, Silvia | |